000 00671nam a2200289Ia 4500
005 20260324151025.0
008 008 260324s9999 xx 000 0 eng d
020 _a9781315639789
037 _aEBOOK
040 _aCRL
040 _beng
040 _cCRL
041 _2eng
041 _aeng
084 _qCRL
100 _aHenry De Beltgens Gibbins
_91228464
245 0 _aIndustry in England
245 0 _bHistorical Outlines
260 _bTaylor and Francis
260 _c1912
365 _a
365 _b76.99
856 _uhttp://www.taylorfrancis.com/books/9781315639789
942 _cEBOOK
999 _c1838883
_d1838883